000 00403pab a2200169 454500
008 180718b2008 xxu||||| |||| 00| 0 eng d
100 _aShaban, Abdul
245 _aGhettoisation, crime and punishment in Mumbai
260 _c2008
300 _ap.68-73.
362 _a16 Aug
650 _aPunishment
650 _aCrime
773 _aEconomic and Political Weekly
908 _aN
909 _a79272
999 _c79272
_d79272